Zákonník práce Veľký komentár /

Guardado en:
Detalles Bibliográficos
Autor principal: Marcel Dolobáč (Autor)
Formato: Libro
Lenguaje:eslovaco
Publicado: Žilina Euro kodex 2023
Materias:
Etiquetas: Agregar Etiqueta
Sin Etiquetas, Sea el primero en etiquetar este registro!

MARC

LEADER 00000nam a22000003a 4500
001 0101491
003 SK-STU
005 20230424112151.3
007 ta
008 230424s ----xo-----e------000-0-----d
020 |a 978-80-8155-118-5 
040 |a STU  |b slo 
041 0 |a slo 
100 1 |a Marcel Dolobáč  |4 aut 
245 1 0 |a Zákonník práce  |b Veľký komentár /  |c aut. Marcel Dolobáč 
260 |a Žilina  |b Euro kodex  |c 2023 
300 |a 894 s. 
650 0 7 |a zákonník práce 
996 |b 284J047164  |c J* 119406>  |l JJSK  |s A  |a 24  |w 0101491_0001 
996 |b 284J047165  |c J* 119407>  |l JJSK  |s A  |a 24  |w 0101491_0002